[Event "FIDE Chess.com Grand Swiss"]
[Site "Douglas"]
[Date "2019.10.19"]
[Round "9"]
[White "Nebolsina, Vera"]
[Black "Dahl, Baard"]
[Result "1/2-1/2"]
[WhiteElo "2252"]
[BlackElo "2067"]
[PlyCount "81"]
[EventDate "2019.10.10"]
[EventType "swiss"]
[EventRounds "11"]
[EventCountry "IOM"]
[SourceTitle "CBM 193"]
[Source "ChessBase"]
[SourceDate "2019.12.31"]
[SourceVersion "1"]
[SourceVersionDate "2019.12.31"]
[SourceQuality "1"]

1. e4 c5 2. Nc3 Nc6 3. Bb5 Nd4 4. Nf3 e6 5. 0-0 a6 6. Bd3 Ne7 7. Nxd4 cxd4 8. Ne2 d5 9. Re1 dxe4 10. Bxe4 Nc6 11. b3 Bc5 12. Nf4 Qe7 13. Nd3 Bd6 14. Bb2 Bd7 15. a4 Qg5 16. b4 0-0 17. f4 Bxf4 18. Nxf4 Qxf4 19. b5 axb5 20. axb5 Rxa1 21. Qxa1 Ne5 22. h3 Qxd2 23. Bxd4 f6 24. Bc3 Qf4 25. Bxe5 fxe5 26. Bd3 Qf2+ 27. Kh1 Qd4 28. Qxd4 exd4 29. Re4 Rf5 30. Rxd4 Rd5 31. Rb4 b6 32. Kg1 h6 33. Kf2 Kf7 34. Ke3 Ke7 35. h4 Kd6 36. Rg4 g5 37. c4 Re5+ 38. Kf3 Kc5 39. hxg5 hxg5 40. Re4 Rxe4 41. Kxe4 1/2-1/2

[Event "FIDE Chess.com Grand Swiss"]
[Site "Douglas"]
[Date "2019.10.17"]
[Round "7"]
[White "Dahl, Baard"]
[Black "Jansa, Vlastimil"]
[Result "0-1"]
[WhiteElo "2067"]
[BlackElo "2452"]
[PlyCount "106"]
[EventDate "2019.10.10"]
[EventType "swiss"]
[EventRounds "11"]
[EventCountry "IOM"]
[SourceTitle "CBM 193"]
[Source "ChessBase"]
[SourceDate "2019.12.31"]
[SourceVersion "1"]
[SourceVersionDate "2019.12.31"]
[SourceQuality "1"]

1. d4 Nf6 2. c4 c5 3. d5 e5 4. Nc3 d6 5. e4 Be7 6. Be2 0-0 7. Be3 Nbd7 8. h3 Ne8 9. Nf3 g6 10. g4 Ng7 11. Bh6 Nf6 12. Qd2 Kh8 13. 0-0-0 Ng8 14. Rdg1 Nxh6 15. Qxh6 a6 16. h4 f6 17. g5 Nh5 18. gxf6 Rxf6 19. Ng5 Qg8 20. Bxh5 Bf8 21. Qxh7+ Qxh7 22. Nxh7 Kxh7 23. Be2 Rxf2 24. h5 g5 25. Rf1 Rf4 26. Bd1 Bh6 27. Kc2 Kg7 28. Kd3 Bd7 29. Ne2 Rxf1 30. Rxf1 b5 31. b3 Rg8 32. Ng3 g4 33. Nf5+ Bxf5 34. Rxf5 g3 35. Bf3 Rb8 36. Bg2 bxc4+ 37. Kxc4 Rb4+ 38. Kc3 Bf4 39. Bf3 Rd4 40. a3 a5 41. h6+ Bxh6 42. Rh5 Bd2+ 43. Kc2 Bf4 44. Rh4 Rd2+ 45. Kc3 Rf2 46. Bh1 Kg6 47. b4 cxb4+ 48. axb4 a4 49. Rg4+ Kf7 50. Rh4 a3 51. Rh7+ Ke8 52. b5 a2 53. Ra7 Be3 0-1

[Event "FIDE Chess.com Grand Swiss"]
[Site "Douglas"]
[Date "2019.10.15"]
[Round "6"]
[White "Gavrilescu, David"]
[Black "Dahl, Baard"]
[Result "1-0"]
[WhiteElo "2451"]
[BlackElo "2067"]
[PlyCount "71"]
[EventDate "2019.10.10"]
[EventType "swiss"]
[EventRounds "11"]
[EventCountry "IOM"]
[SourceTitle "CBM 193"]
[Source "ChessBase"]
[SourceDate "2019.12.31"]
[SourceVersion "1"]
[SourceVersionDate "2019.12.31"]
[SourceQuality "1"]

1. d4 Nf6 2. Nf3 g6 3. Nbd2 d5 4. e3 Bg7 5. b4 a5 6. b5 c5 7. bxc6 Nxc6 8. Be2 0-0 9. 0-0 Bf5 10. c4 Nb4 11. Qb3 dxc4 12. Bxc4 Rb8 13. a3 Nc6 14. a4 Nb4 15. Bb2 Bc2 16. Qa3 Rc8 17. Rac1 Nfd5 18. Ne1 Nb6 19. Nxc2 Nxc4 20. Nxc4 Rxc4 21. Nxb4 axb4 22. Qb3 Rxc1 23. Rxc1 Qd6 24. Rc5 e5 25. Rd5 Qc6 26. dxe5 Ra8 27. a5 Bf8 28. h4 b6 29. a6 Rxa6 30. Rd8 Ra7 31. Qxb4 Qc5 32. Qf4 Qe7 33. Qf6 Qe6 34. Re8 Re7 35. Rxf8+ Kxf8 36. Qh8# 1-0

[Event "FIDE Chess.com Grand Swiss"]
[Site "Douglas"]
[Date "2019.10.12"]
[Round "3"]
[White "Dahl, Baard"]
[Black "Mareco, Sandro"]
[Result "0-1"]
[WhiteElo "2067"]
[BlackElo "2634"]
[PlyCount "100"]
[EventDate "2019.10.10"]
[EventType "swiss"]
[EventRounds "11"]
[EventCountry "IOM"]
[SourceTitle "CBM 193"]
[Source "ChessBase"]
[SourceDate "2019.12.31"]
[SourceVersion "1"]
[SourceVersionDate "2019.12.31"]
[SourceQuality "1"]

1. e4 c5 2. Nf3 e6 3. d4 cxd4 4. Nxd4 a6 5. Bd3 Bc5 6. Nb3 Be7 7. Qg4 g6 8. Qe2 d6 9. 0-0 Nd7 10. c4 b6 11. Be3 Bb7 12. Nc3 Ngf6 13. Rac1 0-0 14. f3 Qc7 15. Qf2 Rfe8 16. Rfd1 Rac8 17. Bf1 h5 18. Nd4 Qb8 19. b3 Bd8 20. Nde2 Nh7 21. Nf4 Bc7 22. g3 Ba8 23. Bh3 Rcd8 24. Nd3 Nhf6 25. Nb4 Bb7 26. Kh1 Nh7 27. Rd2 Nc5 28. Rcd1 g5 29. Bg2 Rf8 30. Nd3 Nd7 31. h4 d5 32. cxd5 Bxg3 33. Qg1 exd5 34. exd5 Bxh4 35. Nf2 f5 36. Nh3 Rf7 37. Bf1 g4 38. Nf4 Ne5 39. Be2 Ng5 40. Rf1 Re8 41. Ng2 Nh3 42. Qh2 Bf6 43. fxg4 fxg4 44. Ne4 Qd8 45. Bd4 Bg7 46. Rxf7 Nxf7 47. Bxg7 Kxg7 48. Ng3 Qg5 49. Rd4 Bxd5 50. Nxh5+ Qxh5 0-1

[Event "London Classic op 10th"]
[Site "London"]
[Date "2018.12.15"]
[Round "8"]
[White "Dahl, Baard"]
[Black "Lochte, Szilvia"]
[Result "0-1"]
[WhiteElo "2097"]
[BlackElo "1843"]
[PlyCount "76"]
[EventDate "2018.12.09"]
[EventType "swiss"]
[EventRounds "9"]
[EventCountry "ENG"]
[SourceTitle "CBM 187 Extra"]
[Source "ChessBase"]
[SourceDate "2018.11.04"]
[SourceVersion "1"]
[SourceVersionDate "2018.11.04"]
[SourceQuality "1"]

1. e4 c5 2. Nf3 e6 3. d4 cxd4 4. Nxd4 a6 5. Nc3 b5 6. Bd3 Qb6 7. Nb3 Qc7 8. 0-0 Nf6 9. Re1 d6 10. Bd2 Be7 11. a4 b4 12. Na2 a5 13. c3 Ba6 14. Bxa6 Nxa6 15. cxb4 axb4 16. Rc1 Qd7 17. Nd4 Nc5 18. Nxb4 Nfxe4 19. b3 0-0 20. Be3 Rfc8 21. Nd3 Rab8 22. Nxc5 Nxc5 23. Nb5 Qd8 24. Bxc5 dxc5 25. Qf3 Qa5 26. Red1 Rd8 27. g3 Rbc8 28. Qb7 Bf8 29. Rd7 Rxd7 30. Qxd7 Rd8 31. Qc6 Qd2 32. Rc3 Qe1+ 33. Kg2 Rd1 34. Kh3 Rd5 35. Rf3 Qf1+ 36. Kg4 h5+ 37. Kf4 g5+ 38. Ke4 Qb1+ 0-1

[Event "London Classic op 10th"]
[Site "London"]
[Date "2018.12.10"]
[Round "2"]
[White "Dahl, Baard"]
[Black "Vachtfeidl, Petr"]
[Result "1-0"]
[WhiteElo "2097"]
[BlackElo "1861"]
[PlyCount "59"]
[EventDate "2018.12.09"]
[EventType "swiss"]
[EventRounds "9"]
[EventCountry "ENG"]
[SourceTitle "CBM 187 Extra"]
[Source "ChessBase"]
[SourceDate "2018.11.04"]
[SourceVersion "1"]
[SourceVersionDate "2018.11.04"]
[SourceQuality "1"]

1. e4 e5 2. Nf3 Nc6 3. Bc4 Nf6 4. d3 Be7 5. 0-0 0-0 6. h3 d6 7. c3 a6 8. a4 Na5 9. Ba2 c5 10. Re1 Nc6 11. Nbd2 Be6 12. Bb1 h6 13. Nf1 b5 14. d4 cxd4 15. cxd4 exd4 16. Nxd4 Nxd4 17. Qxd4 Qc7 18. Ne3 Qc5 19. Qd3 g6 20. Nd5 Nxd5 21. exd5 Bh4 22. g3 Bf5 23. Qf3 Bxb1 24. Bxh6 Rfe8 25. Raxb1 Qb4 26. Rxe8+ Rxe8 27. gxh4 bxa4 28. Qf6 Re1+ 29. Kh2 Rxb1 30. Qg7# 1-0

[Event "London Classic op 10th"]
[Site "London"]
[Date "2018.12.09"]
[Round "1"]
[White "Moussard, Jules"]
[Black "Dahl, Baard"]
[Result "1-0"]
[WhiteElo "2591"]
[BlackElo "2097"]
[PlyCount "109"]
[EventDate "2018.12.09"]
[EventType "swiss"]
[EventRounds "9"]
[EventCountry "ENG"]
[SourceTitle "CBM 187 Extra"]
[Source "ChessBase"]
[SourceDate "2018.11.04"]
[SourceVersion "1"]
[SourceVersionDate "2018.11.04"]
[SourceQuality "1"]

1. Nf3 Nf6 2. b3 g6 3. Bb2 Bg7 4. g3 b6 5. Bg2 Bb7 6. c4 c5 7. 0-0 0-0 8. d4 cxd4 9. Qxd4 Nc6 10. Qh4 d5 11. Nbd2 e6 12. Rac1 h6 13. Ne5 Nh7 14. Qxd8 Raxd8 15. Nxc6 Bxc6 16. Bxg7 Kxg7 17. Nb1 Nf6 18. cxd5 Bxd5 19. Rc7 Bxg2 20. Kxg2 Rd7 21. Rxd7 Nxd7 22. Rc1 Ra8 23. Rc7 Nc5 24. Na3 Na6 25. Rc4 Kf6 26. Nb5 e5 27. Kf3 Nc5 28. Ke3 Rd8 29. b4 Ne6 30. Rc6 Ke7 31. Nxa7 Ra8 32. Nb5 Rxa2 33. Rxb6 Rb2 34. Nc3 Nd4 35. Kd3 Kd7 36. f4 Nc6 37. b5 Nb4+ 38. Kc4 exf4 39. gxf4 Na2 40. Nxa2 Rxa2 41. Kd3 Rb2 42. h4 Rb4 43. e3 Ke7 44. Rb7+ Ke6 45. Ke2 g5 46. fxg5 hxg5 47. hxg5 Rg4 48. Rc7 Rxg5 49. b6 Rb5 50. b7 Rb3 51. Kd2 f5 52. Kc2 Rb6 53. Kd3 Ke5 54. Kc4 Rb1 55. Rc5+ 1-0

[Event "Douglas IoM op"]
[Site "Douglas"]
[Date "2018.10.26"]
[Round "7"]
[White "Dahl, Baard"]
[Black "Wu, Li"]
[Result "1/2-1/2"]
[WhiteElo "2113"]
[BlackElo "2335"]
[PlyCount "60"]
[EventDate "2018.10.20"]
[EventType "swiss"]
[EventRounds "9"]
[EventCountry "ENG"]
[SourceTitle "CBM 187"]
[Source "ChessBase"]
[SourceDate "2018.12.11"]
[SourceVersion "1"]
[SourceVersionDate "2018.12.11"]
[SourceQuality "1"]

1. e4 c5 2. Nf3 Nc6 3. d4 cxd4 4. Nxd4 g6 5. c4 Nf6 6. Nc3 Nxd4 7. Qxd4 d6 8. Be3 Bg7 9. f3 0-0 10. Qd2 a5 11. Na4 Nd7 12. Bd4 Bxd4 13. Qxd4 b6 14. h4 Nc5 15. Nc3 f6 16. 0-0-0 a4 17. g4 Ra7 18. Be2 Rd7 19. Rd2 Bb7 20. Bd1 Bc6 21. Rdh2 e6 22. Bc2 d5 23. cxd5 exd5 24. exd5 Bxd5 25. Nxd5 Rxd5 26. Qc4 Rf7 27. Rd1 Rxd1+ 28. Bxd1 Kg7 29. Rd2 Rd7 30. Rxd7+ Qxd7 1/2-1/2

[Event "Douglas IoM op"]
[Site "Douglas"]
[Date "2018.10.23"]
[Round "4"]
[White "Stefansson, Vignir Vatnar"]
[Black "Dahl, Baard"]
[Result "1-0"]
[WhiteElo "2291"]
[BlackElo "2113"]
[PlyCount "107"]
[EventDate "2018.10.20"]
[EventType "swiss"]
[EventRounds "9"]
[EventCountry "ENG"]
[SourceTitle "CBM 187"]
[Source "ChessBase"]
[SourceDate "2018.12.11"]
[SourceVersion "1"]
[SourceVersionDate "2018.12.11"]
[SourceQuality "1"]

1. d4 Nf6 2. Bg5 e6 3. e4 h6 4. Bxf6 Qxf6 5. Nf3 d6 6. Nc3 a6 7. a4 g5 8. h3 Bg7 9. Bc4 Nc6 10. d5 Nd4 11. Nh2 h5 12. Nf1 c6 13. Ne3 cxd5 14. exd5 e5 15. Bd3 Qd8 16. Ne2 Nxe2 17. Bxe2 h4 18. Bg4 e4 19. c3 Qf6 20. Bxc8 Rxc8 21. Qg4 0-0 22. Qxe4 Rfe8 23. Qd3 Qf4 24. 0-0 Re4 25. Ng4 Rce8 26. g3 Qf5 27. f3 Rf4 28. Qxf5 Rxf5 29. gxh4 gxh4 30. Rad1 Rf4 31. Kf2 Rxa4 32. Rfe1 Rxe1 33. Rxe1 Ra2 34. Re2 a5 35. Ne3 a4 36. Nc4 a3 37. bxa3 Ra1 38. Nxd6 Bxc3 39. Nxb7 Bd4+ 40. Kg2 Rb1 41. Nd8 Bc5 42. Rd2 Rg1+ 43. Kh2 Rg3 44. Nb7 Bg1+ 45. Kh1 Kf8 46. Rg2 Rxh3+ 47. Kxg1 Rxf3 48. d6 Rd3 49. a4 h3 50. Re2 f5 51. a5 f4 52. a6 f3 53. Ra2 Rd1+ 54. Kh2 1-0

[Event "Douglas IoM op"]
[Site "Douglas"]
[Date "2018.10.21"]
[Round "2"]
[White "Serarols Mabras, Bernat"]
[Black "Dahl, Baard"]
[Result "1-0"]
[WhiteElo "2367"]
[BlackElo "2113"]
[PlyCount "81"]
[EventDate "2018.10.20"]
[EventType "swiss"]
[EventRounds "9"]
[EventCountry "ENG"]
[SourceTitle "CBM 187"]
[Source "ChessBase"]
[SourceDate "2018.12.11"]
[SourceVersion "1"]
[SourceVersionDate "2018.12.11"]
[SourceQuality "1"]

1. d4 Nf6 2. c4 g6 3. g3 c6 4. Bg2 d5 5. Qa4 Bg7 6. cxd5 Nxd5 7. Nf3 0-0 8. 0-0 Nd7 9. Rd1 e5 10. Nxe5 Nxe5 11. dxe5 Bxe5 12. Qb3 Qf6 13. Nd2 Nb6 14. Ne4 Qe6 15. Nc5 Qxb3 16. axb3 Bg7 17. Bf3 Nd5 18. e4 Nb4 19. Ra4 a5 20. Bd2 b5 21. Raa1 Nc2 22. Rxa5 Rxa5 23. Bxa5 Nd4 24. Rd3 Nxf3+ 25. Rxf3 Bh3 26. Rd3 Bxb2 27. f3 f5 28. Bc3 fxe4 29. Nxe4 Bxc3 30. Rxc3 Be6 31. Kf2 Bd5 32. Ke3 Kg7 33. Kd4 Ra8 34. Kc5 Ra2 35. h4 Rb2 36. b4 Re2 37. Nd6 Kf6 38. Nxb5 Rf2 39. Nd4 h6 40. b5 Ra2 41. Nxc6 1-0

[Event "Nottingham 4NCL op 20th"]
[Site "Nottingham"]
[Date "2018.09.30"]
[Round "5"]
[White "Wells, Jonathan C"]
[Black "Dahl, Baard"]
[Result "1/2-1/2"]
[WhiteElo "1969"]
[BlackElo "2113"]
[PlyCount "67"]
[EventDate "2018.09.28"]
[EventType "swiss"]
[EventRounds "5"]
[EventCountry "ENG"]
[SourceTitle "CBM 186 Extra"]
[Source "ChessBase"]
[SourceDate "2018.08.24"]
[SourceVersion "1"]
[SourceVersionDate "2018.08.24"]
[SourceQuality "1"]

1. d4 Nf6 2. c4 g6 3. g3 Bg7 4. Bg2 d5 5. cxd5 Nxd5 6. e4 Nb6 7. Ne2 c5 8. d5 e6 9. Nbc3 0-0 10. 0-0 exd5 11. exd5 Bf5 12. Bf4 Qd7 13. Rc1 Re8 14. b3 Na6 15. a3 Bh3 16. Qd3 c4 17. bxc4 Bxg2 18. Kxg2 Nc5 19. Qb1 Rac8 20. Rfd1 Nxc4 21. Nd4 a6 22. Qb4 Ne5 23. Bxe5 Bxe5 24. Nf3 Bd6 25. Qh4 Be7 26. Ng5 h5 27. Qf4 Bd6 28. Qf3 Be5 29. Nce4 Nxe4 30. Nxe4 Kg7 31. d6 Rxc1 32. Rxc1 Rc8 33. Rxc8 Qxc8 34. Qd3 1/2-1/2

[Event "BCF-chT2 1718 (4NCL) Promotion pool"]
[Site "England"]
[Date "2018.05.07"]
[Round "11.18"]
[White "Dahl, Baard"]
[Black "Smith, Lynda"]
[Result "1-0"]
[WhiteElo "2147"]
[BlackElo "1960"]
[PlyCount "71"]
[EventDate "2017.11.11"]
[EventType "team-tourn"]
[EventRounds "11"]
[EventCountry "ENG"]
[SourceTitle "EXT 2020"]
[Source "ChessBase"]
[SourceDate "2019.10.17"]
[SourceVersion "1"]
[SourceVersionDate "2019.10.17"]
[SourceQuality "1"]
[WhiteTeam "Manx Liberty"]
[BlackTeam "North East England"]
[WhiteTeamCountry "ENG"]
[BlackTeamCountry "ENG"]

1. Nf3 f5 2. d3 Nf6 3. e4 e6 4. Qe2 Be7 5. g3 b6 6. Bg2 fxe4 7. dxe4 Ba6 8. c4 d5 9. exd5 exd5 10. Nbd2 dxc4 11. Ng5 c6 12. Qe6 Qd7 13. Qf7+ Kd8 14. Bh3 Qd6 15. Qxg7 Rg8 16. Qxg8+ Nxg8 17. Nf7+ Kc7 18. Nxd6 Bxd6 19. Be6 Nd7 20. Bxc4 Re8+ 21. Kd1 b5 22. Be2 Ngf6 23. Re1 Ne5 24. f4 Neg4 25. Bxg4 Rxe1+ 26. Kxe1 Nxg4 27. Nf3 Bc5 28. Bd2 b4 29. Rc1 Kd6 30. Ne5 Nxh2 31. a3 bxa3 32. bxa3 Bb5 33. Bb4 Bxb4+ 34. axb4 Nf1 35. Kf2 Nh2 36. Kg2 1-0

[Event "BCF-chT2 1718 (4NCL) Promotion pool"]
[Site "England"]
[Date "2018.03.18"]
[Round "8.16"]
[White "Moore, Graham J"]
[Black "Dahl, Baard"]
[Result "1-0"]
[WhiteElo "2196"]
[BlackElo "2147"]
[PlyCount "51"]
[EventDate "2017.11.11"]
[EventType "team-tourn"]
[EventRounds "11"]
[EventCountry "ENG"]
[SourceTitle "EXT 2020"]
[Source "ChessBase"]
[SourceDate "2019.10.17"]
[SourceVersion "1"]
[SourceVersionDate "2019.10.17"]
[SourceQuality "1"]
[WhiteTeam "Anglian Avengers"]
[BlackTeam "Manx Liberty"]
[WhiteTeamCountry "ENG"]
[BlackTeamCountry "ENG"]

1. e4 e5 2. Nf3 Nc6 3. d4 exd4 4. Nxd4 Qf6 5. Be3 Bc5 6. c3 Nge7 7. Bc4 0-0 8. 0-0 b6 9. Kh1 Bb7 10. f4 d5 11. e5 Qh6 12. Be2 Nxe5 13. b4 Bxd4 14. Bxd4 N5c6 15. Na3 Nxd4 16. cxd4 Nf5 17. Rf3 Qf6 18. Nc2 Rfe8 19. Bd3 g6 20. Bxf5 Qxf5 21. Ne3 Qe4 22. f5 g5 23. h3 f6 24. Qd2 Re7 25. Ng4 Kg7 26. Re3 1-0

[Event "Douglas IoM op"]
[Site "Douglas"]
[Date "2017.10.01"]
[Round "9"]
[White "Mai, Aron Thor"]
[Black "Dahl, Baard"]
[Result "0-1"]
[WhiteElo "2038"]
[BlackElo "1974"]
[PlyCount "56"]
[EventDate "2017.09.23"]
[EventType "swiss"]
[EventRounds "9"]
[EventCountry "IOM"]
[SourceTitle "CBM 181"]
[Source "ChessBase"]
[SourceDate "2017.11.10"]
[SourceVersion "1"]
[SourceVersionDate "2017.11.10"]
[SourceQuality "1"]

1. e4 e5 2. Nf3 Nc6 3. d4 exd4 4. Nxd4 Bb4+ 5. c3 Bc5 6. Be3 Bb6 7. Nf5 g6 8. Bxb6 axb6 9. Ne3 Nf6 10. f3 Qe7 11. Be2 Qc5 12. Qd2 0-0 13. c4 Nb4 14. Nc3 Qxe3 15. Qd1 d6 16. a3 Nc6 17. Rc1 Nd4 18. Kf1 c6 19. Qe1 Nh5 20. Rd1 Nf4 21. Rd2 Nfxe2 22. Nxe2 Nxe2 23. Rxe2 Qd3 24. h4 Be6 25. Kg1 Qd4+ 26. Re3 Qxb2 27. h5 Rxa3 28. hxg6 Ra1 0-1

[Event "Douglas IoM op"]
[Site "Douglas"]
[Date "2016.10.06"]
[Round "6"]
[White "Dahl, Baard"]
[Black "Taylor, Adam C"]
[Result "0-1"]
[WhiteElo "1921"]
[BlackElo "2236"]
[PlyCount "44"]
[EventDate "2016.10.01"]
[EventType "swiss"]
[EventRounds "9"]
[EventCountry "IOM"]
[SourceTitle "EXT 2017"]
[Source "ChessBase"]
[SourceDate "2016.10.25"]
[SourceVersion "1"]
[SourceVersionDate "2016.10.25"]
[SourceQuality "1"]

1. e4 e5 2. Nf3 Nc6 3. Bc4 Bc5 4. c3 Nf6 5. d3 h6 6. b4 Bb6 7. b5 Na5 8. Nxe5 d5 9. exd5 0-0 10. 0-0 Re8 11. d4 Nxc4 12. Nxc4 Qxd5 13. Nbd2 Bg4 14. Nxb6 axb6 15. Qb3 Be2 16. Re1 Bc4 17. Rxe8+ Rxe8 18. Qd1 Be2 19. Qb3 Qf5 20. h3 Qd3 21. a4 Bh5 22. g4 Qxh3 0-1